000 00353nam a2200145Ia 4500
008 220216s9999 xx 000 0 und d
100 _aSaj Mathews A
245 0 _aNR shock whats in store ?
260 _bRubber Asia
_c2014
300 _a34-43
500 _aSource Year: 2014
650 _aNR plantation industry
650 _aNR shock
942 _cJS
999 _c64190
_d64190